[Event "Sochi Amateur op 6th"]
[Site "Sochi"]
[Date "2019.04.08"]
[Round "2"]
[White "Shanava, Timur"]
[Black "Kuznetsov, Sergey7777"]
[Result "1-0"]
[WhiteElo "1939"]
[BlackElo "1687"]
[PlyCount "81"]
[EventDate "2019.04.07"]
[EventType "swiss"]
[EventRounds "9"]
[EventCountry "RUS"]
[SourceTitle "CBM 189 Extra"]
[Source "ChessBase"]
[SourceDate "2019.06.03"]
[SourceVersion "1"]
[SourceVersionDate "2019.06.03"]
[SourceQuality "1"]

1. e4 c5 2. Nf3 d6 3. c3 e6 4. d4 Nd7 5. Bd3 d5 6. e5 Ne7 7. 0-0 Nc6 8. Be3 Be7 9. Nbd2 0-0 10. Re1 b6 11. Rc1 Bb7 12. h4 h6 13. Bb1 f5 14. exf6 Rxf6 15. Nf1 e5 16. dxc5 Nxc5 17. b4 e4 18. Nd4 Ne6 19. Ng3 Ncxd4 20. Bxd4 Nxd4 21. Qxd4 Qf8 22. a3 Rf4 23. h5 Bf6 24. Qd2 Bg5 25. Rcd1 Re8 26. Ba2 Kh8 27. Re3 Rg4 28. Nf1 Rd8 29. Qe2 Rf4 30. Rg3 Bh4 31. Ne3 Bxg3 32. fxg3 Rf7 33. Bxd5 Re7 34. Rf1 Qe8 35. Bc4 Qd7 36. Rf2 Bc6 37. Qf1 b5 38. Rf8+ Kh7 39. Bg8+ Kh8 40. Be6+ Kh7 41. Qf5+ 1-0